000 00563nam a22001937a 4500
003 AM-YEHGA
005 20250617164257.0
008 211126s ||||| |||| 00| 0 rus d
040 _aAM-YeHGA
041 0 _arus
100 1 _aСветозаров, Виктор Алексеевич.
245 1 0 _aМуромские сказки /
_cВ. Светозаров
260 _aВладимир :
_b Кн. изд-во,
_c1962.
300 _a119 с.
653 0 _aСказки русские (х. л.)
942 _2udc
_cBK
001 1806271
090 _c524571
999 _c520993
_d520993